00499nam a2200217Ia 4500008004100000020001800041050001400059100002100073245002400094245002400118250001900142260001500161260001600176260000900192300001600201300002000217300001000237300001900247440000700266500000800273170918s9999 xx 000 0 und d a9780545152969 bT447 2010 aHaddix, Margaret aInto the gauntlet / cby Margaret Haddix. aFirst edition. aNew York : bScholastic, c2010 a327 pages : billustrations ; c20cm. eThe 39 clues ; a10 a660